Zdokonalený systém řízení a uplatnění "Souboru opatření v podmínkach VHJ"

Bibliographic Details
Main Author: Kružík, Lubomír (Author)
Format: Article
Language:Czech
PhysicalDescription:Lit. 1 zázn. v češ.
Subjects:

MARC

LEADER 00000nab a2200000 a 4500
001 vtls000249745
003 SK-MaSNL
005 20260302212010.0
008 160201c1985 xo 0 cze
015 |a SNBRB19rr/mm-uuuuu 
035 |a CL0259859 
040 |a SNKBUCL  |b slo  |c SNKBUCL  |e AACR2 
041 0 |a cze 
044 |a xo  |c SK 
080 |a 69:658.012.4  |2 1981 
080 |a 658.012.4  |2 1981 
080 |a 338.244.018  |2 1981 
100 1 |a Kružík, Lubomír  |4 aut  |9 936110 
245 1 0 |a Zdokonalený systém řízení a uplatnění "Souboru opatření v podmínkach VHJ"  |c Lubomír Kružík 
300 |b Lit. 1 zázn. v češ. 
650 0 7 |a Pozemné stavitelství, VHJ  |2 snkbucl  |9 936111 
650 0 7 |a riadenie plánovité  |2 snkbucl  |9 921774 
650 0 7 |a chozrasčot vnútropodnikový  |2 snkbucl  |9 921142 
655 7 |a články z novín a časopisov  |2 snkbucl  |9 267496 
773 0 |t Ekonomika stavebníctva  |g Roč. 20, č. 11 (1985), s. 332-334 
850 |a Slovenská národná knižnica v Martine  |a MTA001 
852 |a SNK  |b KIS3GCP 
958 |a RK 
958 |a CZ 
992 |a RBX 
999 |c 1487288  |d 1489218